La geometrie descriptive et ses applications
Αποθηκεύτηκε σε:
| Κύριος συγγραφέας: | |
|---|---|
| Άλλοι συγγραφείς: | |
| Μορφή: | Βιβλίο |
| Γλώσσα: | French |
| Δημοσίευση: |
Paris :
Presses Universitaires de France,
1952
|
| Σειρά: | Que sais-je?. Le point des connaissances actuelles ;
; 521 |
| Θέματα: | |
| Ετικέτες: |
Προσθήκη ετικέτας
Δεν υπάρχουν, Καταχωρήστε ετικέτα πρώτοι!
|
MARC
| LEADER | 00000cam a2200000 i 4500 | ||
|---|---|---|---|
| 001 | 1/99713 | ||
| 008 | 081217s1952 fre d | ||
| 035 | |l 10102569 | ||
| 040 | |a GR-MY-UA |b gre |e aacr | ||
| 041 | 0 | |a fre | |
| 082 | 0 | |a 516.6 |2 (22) | |
| 100 | 1 | |a Delachet, André, |d 1919- | |
| 245 | 1 | 3 | |a La geometrie descriptive et ses applications / |c Andre Delachet et Jean Moreau |
| 260 | |a Paris : |b Presses Universitaires de France, |c 1952 | ||
| 300 | |a 120 σ.; |b εικ.; |c 18 εκ. | ||
| 490 | 1 | |a Que sais-je? |v ; 521 | |
| 504 | |a Περιέχει βιβλιογραφικές παραπομπές | ||
| 650 | 0 | 0 | |a Geometry, Descriptive. |
| 700 | 1 | |a Moreau, Jean, |d 1922- | |
| 830 | 0 | |a Que sais-je?. Le point des connaissances actuelles ; |v ; 521 | |
| 852 | |a INST |b SAMOS |c MAG |e 20081217 |h 516.6 DEL |p 005300029513 |q 005300029513 |t BK |y 0 | ||
| 901 | |a BIBL3-2008-3 | ||
| 909 | |a Σ |b 155460 | ||
| 970 | |a ΡΟΥΣΣΟΥ |b ΚΩΝΣΤΑΝΤΙΝΑ |z 2008/12/17 | ||